UBT Library

Labor and the environment : (Record no. 40715)

000 -LEADER
fixed length control field 00705cam a2200217 a 4500
001 - CONTROL NUMBER
control field 934611
005 - DATE AND TIME OF LATEST TRANSACTION
control field 20180123034738.0
008 - FIXED-LENGTH DATA ELEMENTS--GENERAL INFORMATION
fixed length control field 831012s1984 ctu b 001 0 eng
010 ## - LIBRARY OF CONGRESS CONTROL NUMBER
LC control number 83022575
020 ## - INTERNATIONAL STANDARD BOOK NUMBER
International Standard Book Number 0313239355 (lib. bdg.)
040 ## - CATALOGING SOURCE
Original cataloging agency DLC
Transcribing agency DLC
Modifying agency DLC
041 ## - LANGUAGE CODE
Language code of text/sound track or separate title eng
043 ## - GEOGRAPHIC AREA CODE
Geographic area code n-us---
080 ## - UNIVERSAL DECIMAL CLASSIFICATION NUMBER
Universal Decimal Classification number 016.331 but
082 00 - DEWEY DECIMAL CLASSIFICATION NUMBER
Classification number 016.331 but
Edition number 19
100 1# - Rafti
Rafti 52
101 ## - Shkurtesa
Shkurtesa pune
245 10 - TITLE STATEMENT
Title Labor and the environment :
Statement of responsibility, etc compiled by Frederick H. Buttel, Charles C. Geisler, and Irving W. Wiswall.
906 ## - LOCAL DATA ELEMENT F, LDF (RLIN)
a 7
b cbc
c orignew
d 1
e ocip
f 19
g y-gencatlg
942 ## - ADDED ENTRY ELEMENTS (KOHA)
Source of classification or shelving scheme
Item type Books
Holdings
Withdrawn status Lost status Source of classification or shelving scheme Damaged status Not for loan Collection code Permanent location Current location Shelving location Date acquired Total Checkouts Full call number Barcode Date last seen Price effective from Koha item type
          Koleksioni i përgjithshem UBT - Lipjan UBT - Lipjan Koleksioni i përgjithshem 01/23/2018   016.331 but 002-2995978 01/23/2018 01/23/2018 Books
UBT Library © 2015-2024. All rights reserved University Education for Business and Technology